|
|
|
|
| LEADER |
01307nam a2200289 a 4500 |
| 001 |
2108106 |
| 008 |
100704s1997 maua b 001 0 eng d |
| 010 |
|
|
|a 96038469
|
| 020 |
|
|
|a 0792397878 (alk. paper)
|
| 040 |
|
|
|a DLC
|c DLC
|d DLC
|d DB-DhAAL
|
| 082 |
0 |
0 |
|a 621.388
|2 20
|
| 100 |
1 |
|
|a Westwater, Raymond.
|
| 245 |
1 |
0 |
|a Real-time video compression :
|b techniques and algorithms /
|c by Raymond Westwater, Borko Furht.
|
| 260 |
|
|
|a Boston :
|b Kluwer,
|c c1997.
|
| 300 |
|
|
|a vii, 164 p. :
|b ill. ;
|c 25 cm.
|
| 490 |
1 |
|
|a The Kluwer international series in engineering and computer science ;
|v SECS 376.
|a Multimedia systems and applications
|
| 504 |
|
|
|a Includes bibliographical references (p. 155-161) and index.
|
| 541 |
1 |
|
|e 00018278
|
| 650 |
|
0 |
|a Multimedia systems.
|
| 650 |
|
0 |
|a Video compression.
|
| 650 |
|
0 |
|a Real-time data processing.
|
| 700 |
1 |
|
|a Furht, Borivoje.
|
| 830 |
|
0 |
|a Kluwer international series in engineering and computer science ;
|v SECS 376.
|
| 830 |
|
0 |
|a Kluwer international series in engineering and computer science.
|p Multimedia systems and applications.
|
| 852 |
4 |
|
|a Ayesha Abed Library
|j General Shelf.
|
| 999 |
|
|
|c 9169
|d 9169
|
| 952 |
|
|
|0 0
|1 0
|2 ddc
|4 0
|6 621_388000000000000_WES_1997
|7 0
|9 11504
|a BRACUL
|b BRACUL
|c GEN
|d 2010-07-04
|l 0
|o 621.388 WES
|p 3010018278
|r 2010-07-04
|t 1
|w 2010-07-04
|y BK
|